=LDR 00000nam 2200000 4500 =001 INLIS000000000026762 =005 20140319111255.0 =006 =007 =008 ind =035 ##$$0010-061300000026762 =041 ##$$a ind =082 ##$$a 2x9.01 =090 ##$$a 2x9.01, HIT h =100 ##$$a Hitti, Philip K =245 ##$$a History of the Arabs, Rujukan Induk dan paling otoritatif tentang sejarah Islam, Philip K. Hitti; penerjemah, R. Cecep Lukman Yasin =260 ##$$a 2006 $b Jakarta =300 ##$$a xxi, 971 hlm., ilus., 24 cm =650 ##$$a Histografi Islam =700 ##$$a Yasin, R Cecep Lukman =850 ##$$a NBPNMAT =990 ##$$a 2090100444/BPAP-NTB/2015 =990 ##$$a 0001/BPAP-NTB/2016